Hlubiny čínské hydropolitiky: rozvoj vodní energetiky v povodí řeky Mekong
Analýza vplyvu čínskej hydropolitiky na rozvoj povodia rieky Mekong.
Gespeichert in:
| 1. Verfasser: | |
|---|---|
| Format: | Buchkapitel |
| Sprache: | Tschechisch |
| Schlagworte: | |
| Tags: |
Keine Tags, Fügen Sie das erste Tag hinzu!
|
MARC
| LEADER | 00000naa a2200000 4500 | ||
|---|---|---|---|
| 001 | 0248393 | ||
| 005 | 20181022112721.6 | ||
| 041 | 0 | |a cze | |
| 044 | |a SK | ||
| 245 | 1 | 0 | |a Hlubiny čínské hydropolitiky: rozvoj vodní energetiky v povodí řeky Mekong |c Richard Grünwald |
| 520 | |a Analýza vplyvu čínskej hydropolitiky na rozvoj povodia rieky Mekong. | ||
| 610 | 2 | 0 | |a Čína |
| 610 | 2 | 0 | |a elektrárne vodné |
| 610 | 2 | 0 | |a ekológia krajiny |
| 610 | 2 | 0 | |a zdroje vodné |
| 610 | 2 | 0 | |a politika ekologická |
| 610 | 2 | 0 | |a Kambodža |
| 100 | 1 | |a Grünwald, Richard | |